00369nam a2200133 u 450000100100000000500170001000800410002704000250006808200090009310000330010224500460013526000330018130000210021400003613620200930074917.0111216s1961 xxu r 000 0 spa d aDO-SdBNPbspacBNPHU axxxx1 aPoe, Edgar Allan,d1809-184910aEight tales of terror /cEdgar Allan Poe. aNew York :b[s. n.,c1961?]. a197 p. ;c17 cm.